LIBRARY & INFORMATION CENTRE, KCAET, TAVANUR

ONLINE PUBLIC ACCESS CATALOGUE (OPAC)

Kala aur adhunik pravarthiyam / (Record no. 11652)

MARC details
000 -LEADER
fixed length control field 00453cam a2200181ua 4500
041 ## - LANGUAGE CODE
Language code of text/sound track or separate title hin
082 ## - DEWEY DECIMAL CLASSIFICATION NUMBER
Classification number 891.43
Item number RAM/KA
100 ## - MAIN ENTRY--AUTHOR NAME
Personal name Ramachandra, Shukla .
245 ## - TITLE STATEMENT
Title Kala aur adhunik pravarthiyam /
250 ## - EDITION STATEMENT
Edition statement 2 /
260 ## - PUBLICATION, DISTRIBUTION, ETC. (IMPRINT)
Place of publication Uttar Pradesh :
Name of publisher Hindi Samithy ,
Year of publication 1963.
300 ## - PHYSICAL DESCRIPTION
Number of Pages 193 ; .
942 ## - ADDED ENTRY ELEMENTS (KOHA)
Koha item type Books
Holdings
Withdrawn status Lost status Damaged status Home library Current library Date acquired Full call number Accession Number Koha item type
Withdrawn     KAUAET Sanskrit University 07/04/2012 891.43 12575 Books
free website counter